000
00296nam a22001337a 4500
999
_c
533006
_d
533006
003
NUST
038
_a
M.Ramzan
082
_a
891.4393
_b
ASL
100
_a
Rahi, M.Aslam.
_9
26660
245
_a
Khawab-e-Jawani /
260
_a
Lahore;
_b
Elm-o-Irfan,
_c
2000.
300
_a
224 p, :
942
_2
ddc
_c
BK